| 000 | 01484cam a22003251i 4500 | ||
|---|---|---|---|
| 003 | SA-RiAUC | ||
| 005 | 20250128065849.0 | ||
| 008 | 250127s1990 su a g b 00100 ara c | ||
| 040 |
_aSA-RiAUC _bara _cSA-RiAUC _erda |
||
| 043 | _aa-su--- | ||
| 082 | 0 | 4 | _a953.122 |
| 090 |
_a953.122 _bش م س |
||
| 100 | 1 |
_aالشمس الشامي، محمد بن يوسف بن علي، _dتوفي 942 هجري _eمؤلف. |
|
| 245 | 1 | 0 |
_aفضائل المدينة المنورة / _cمحمد بن يوسف الصالحي الشامي ؛ حقق نصوصه وخرج أحاديثه وقدم له محيي الدين مستو. |
| 250 | _aالطبعة الأولى. | ||
| 264 | 1 |
_aالمدينة المنورة : _bمكتبة دار التراث، _c1990 |
|
| 300 |
_a160 صفحة : _bمثيليات ؛ _c24 سم. |
||
| 336 |
_aنص _btxt _2rdacontent _3كتاب |
||
| 337 |
_aبدون وسيط _bn _2rdamedia |
||
| 338 |
_aمجلد _bnc _2rdacarrier |
||
| 490 | 0 |
_aدراسات حول المدينة المنورة ؛ _v13 |
|
| 500 | _aكشاف بأوائل الأحاديث النبوية : صفحة 149-154. | ||
| 504 | _aيشتمل على إرجاعات ببليوجرافية. | ||
| 650 | 7 |
_aالسيرة النبوية _2aucsh |
|
| 651 | 7 |
_aالمدينة المنورة _xتاريخ _2aucsh |
|
| 651 | 7 |
_aالمدينة المنورة _xفضائل _2aucsh |
|
| 700 | 1 |
_aمستو، محيي الدين ديب _eمحقق. |
|
| 942 |
_2ddc _cBOOK _n0 |
||
| 949 |
_aSA-JeALM _d250127 _uosman123 _n1 |
||
| 999 |
_c5321 _d5321 |
||